Sprache und Recht / 1
| Format: | Print Book |
|---|---|
| Language: | German |
| Published: |
Berlin
de Gruyter
1986
|
| In: |
Sprache und Recht Beiträge zur Kulturgeschichte d. Mittelalters; Festschrift für Ruth Schmidt-Wiegand zum 60. Geburtstag
Year: 1986 |
| Online Access: |
Table of Contents |
| Availability in Tübingen: | Present in Tübingen. UB: 30 B 885-1 |
| Check availability: | HBZ Gateway |
| Subito Delivery Service: | Order now. |
| Volumes / Articles: | Show volumes/articles. |
| Keywords: |
MARC
| LEADER | 00000cam a2200000 cc4500 | ||
|---|---|---|---|
| 001 | 1082735027 | ||
| 003 | DE-627 | ||
| 005 | 20231212131023.0 | ||
| 007 | tu | ||
| 008 | 870424s1986 xx ||||| 00| ||ger c | ||
| 035 | |a (DE-627)1082735027 | ||
| 035 | |a (DE-576)012735027 | ||
| 035 | |a (DE-599)BSZ012735027 | ||
| 035 | |a (OCoLC)310881613 | ||
| 040 | |a DE-627 |b ger |c DE-627 |e rakwb | ||
| 041 | |a ger | ||
| 084 | |a PC 4630 |2 rvk |0 (DE-625)rvk/135081: | ||
| 084 | |a NK 8200 |2 rvk |0 (DE-625)rvk/126249: | ||
| 245 | 0 | 0 | |a Sprache und Recht |n 1 |c hrsg. von Karl Hauck ... |
| 264 | 1 | |a Berlin |b de Gruyter |c 1986 | |
| 300 | |a XI, 514 S. |b Ill. | ||
| 336 | |a Text |b txt |2 rdacontent | ||
| 337 | |a ohne Hilfsmittel zu benutzen |b n |2 rdamedia | ||
| 338 | |a Band |b nc |2 rdacarrier | ||
| 655 | 7 | |a Festschrift |0 (DE-588)4016928-5 |0 (DE-627)104400986 |0 (DE-576)208917802 |2 gnd-content | |
| 773 | 1 | 8 | |a Sprache und Recht Beiträge zur Kulturgeschichte d. Mittelalters; Festschrift für Ruth Schmidt-Wiegand zum 60. Geburtstag |w (DE-627)1082376698 |w (DE-576)012376698 |g 1 |q 1 |7 nnam |
| 856 | 4 | 2 | |u https://swbplus.bsz-bw.de/bsz012735027inh.htm |m B:DE-576;DE-352 |q application/pdf |v 20111215102853 |x Verlag |3 Inhaltsverzeichnis |7 1 |
| 935 | |a BWLB | ||
| 936 | r | v | |a PC 4630 |b Für Personen |k Rechtswissenschaft |k Allgemeines zum juristischen Studium und zur Rechtswissenschaft |k Festschriften, Sammelwerke |k Für Personen |0 (DE-627)127072195X |0 (DE-625)rvk/135081: |0 (DE-576)20072195X |
| 936 | r | v | |a NK 8200 |b Historiker-Festschriften und Aufsatzsammlungen von Historikern, Allgemeines |k Geschichte |k Weltgeschichte, Darstellungen Allgemeine Geschichte einzelner Staaten und Völker Teilgebiete der Geschichte, Sammelwerke |k Allgemeine Sammelwerke und Sammelbiografien |k Historiker-Festschriften und Aufsatzsammlungen von Historikern |k Historiker-Festschriften und Aufsatzsammlungen von Historikern, Allgemeines |0 (DE-627)1270875841 |0 (DE-625)rvk/126249: |0 (DE-576)200875841 |
| 951 | |a MV | ||
| ELC | |b 1 | ||
| LOK | |0 000 xxxxxcx a22 zn 4500 | ||
| LOK | |0 001 2096729661 | ||
| LOK | |0 003 DE-627 | ||
| LOK | |0 004 1082735027 | ||
| LOK | |0 005 19900820000000 | ||
| LOK | |0 008 900621||||||||||||||||ger||||||| | ||
| LOK | |0 040 |a DE-21 |c DE-627 |d DE-21 | ||
| LOK | |0 852 |a DE-21 | ||
| LOK | |0 852 1 |c 30 B 885-1 |9 00 | ||
| LOK | |0 939 |a 21-06-90 |b l01 | ||
| LOK | |0 000 xxxxxcx a22 zn 4500 | ||
| LOK | |0 001 209672967X | ||
| LOK | |0 003 DE-627 | ||
| LOK | |0 004 1082735027 | ||
| LOK | |0 005 19971024000000 | ||
| LOK | |0 008 971024||||||||||||||||ger||||||| | ||
| LOK | |0 040 |a DE-21-108 |c DE-627 |d DE-21-108 | ||
| LOK | |0 092 |o l | ||
| LOK | |0 852 |a DE-21-108 | ||
| LOK | |0 852 1 |c Allg Y/Sch 80 |m p |9 00 | ||
| LOK | |0 938 |k p | ||
| LOK | |0 939 |a 24-10-97 |b l01 | ||
| LOK | |0 000 xxxxxcx a22 zn 4500 | ||
| LOK | |0 001 2096729688 | ||
| LOK | |0 003 DE-627 | ||
| LOK | |0 004 1082735027 | ||
| LOK | |0 005 20100508075755 | ||
| LOK | |0 008 950710||||||||||||||||ger||||||| | ||
| LOK | |0 040 |a DE-21-24 |c DE-627 |d DE-21-24 | ||
| LOK | |0 541 |e 87/113 | ||
| LOK | |0 852 |a DE-21-24 | ||
| LOK | |0 852 1 |c D,IIIc,214 |m p |9 00 | ||
| LOK | |0 936ln |a D,IIIc, | ||
| LOK | |0 938 |k p | ||
| LOK | |0 939 |a 10-07-95 |b l01 | ||
| LOK | |0 000 xxxxxcx a22 zn 4500 | ||
| LOK | |0 001 2500533824 | ||
| LOK | |0 003 DE-627 | ||
| LOK | |0 004 1082735027 | ||
| LOK | |0 005 20080715145034 | ||
| LOK | |0 008 060104||||||||||||||||ger||||||| | ||
| LOK | |0 040 |a DE-21-32b |c DE-627 |d DE-21-32b | ||
| LOK | |0 541 |e 96/318 | ||
| LOK | |0 852 |a DE-21-32b | ||
| LOK | |0 852 1 |c Fb 528/1 |m p |9 00 | ||
| LOK | |0 935 |a k32b |a kneu | ||
| LOK | |0 938 |k p | ||
| LOK | |0 939 |a 04-01-06 |b l01 | ||
| LOK | |0 000 xxxxxcx a22 zn 4500 | ||
| LOK | |0 001 2096729440 | ||
| LOK | |0 003 DE-627 | ||
| LOK | |0 004 1082735027 | ||
| LOK | |0 005 19950117000000 | ||
| LOK | |0 008 950117||||||||||||||||ger||||||| | ||
| LOK | |0 040 |a DE-Frei85 |c DE-627 |d DE-Frei85 | ||
| LOK | |0 852 |a DE-Frei85 | ||
| LOK | |0 852 1 |m p |9 00 | ||
| LOK | |0 938 |k p | ||
| LOK | |0 939 |a 17-01-95 |b l01 | ||
| ORI | |a WA-MARC-krimdokb001.raw | ||
| SIG | |a UB: 30 B 885-1 | ||
| SPR | |a 1 |t KRI | ||
